Animal Myths - Statistics

General Stats
  • This quiz has been taken 92 times
  • The average score is 12 of 16
Answer Stats
Myth Animal % Correct
Stores water in its humps Camel
97%
Always howls at the moon Wolf
96%
Hates the color red Bull
95%
Loves to stick its head in sand Ostrich
95%
Can spin its head 360 degrees around Owl
93%
Uses echolocation due to being blind Bat
91%
Changes color to match its surroundings Chameleon
87%
Can smell one drop of blood from miles away Shark
87%
We may eat dozens of these while we sleep! Spider
85%
Can give you warts by touching it Frog
83%
Can shoot its quills at you Porcupine
81%
Has a three-second memory span Goldfish
63%
Dives off cliffs in mass suicides Lemming
51%
Lays eggs in our ears Earwigs
49%
Sways to the sound of music Snake
40%
Can devour a human being in mere seconds Piranha
25%
No matching quizzes found
Score Distribution
Percent of People with Each Score
Percentile by Number Answered
Your Score History
You have not taken this quiz